000
00369nam a22001577a 4500
003
MPLRDC
005
20220104152637.0
008
210129b ||||| |||| 00| 0 eng d
082
_a
969 ZL
100
_a
朱澧编著
245
_a
巧夺天工
_c
250
_a
初版
260
_a
_b
香港上海书局
_c
1974
650
_a
民间工艺美术
942
_c
BK
_o
969 ZL
999
_c
53011
_d
53001